01663nam a2200409 i 450000100060000000300080000600500170001400600190003100700150005000800410006502000180010603500230012403500240014703500250017103500210019604000310021705000220024808000140027008200160028410000320030024501330033226401200046530000440058533600310062933700330066033800430069358801270073659001590086365000410102265000330106365000150109665000170111165500270112879700190115585600620117499900170123668551FlNmELB20241217142915.0m o d | cr cnu||||||||151202s2008 mx o 000 0 spa d z9786074500332 a(MiAaPQ)EBC4184562 a(Au-PeEL)EBL4184562 a(CaPaEBR)ebr11126799 a(OCoLC)949156043 aFINmELBbspaerdacFINmELB 4aPC2066bV262 2008 a811.133.10 a448.0072231 aVan Messem, María Inés.10aAdquisición de una lengua extranjera :bestudio de la temporalidad en relatos escritos en pasado /cMaría Inés Van Messem. 1aGuadalajara, Jalisco :bUniversidad de Guadalajara, Centro Universitario de Ciencias Sociales y Humanidades,c2008. a1 recurso en línea (246, 1 páginas) atextobtxt2rdacontent/spa acomputadorabc2rdamedia/spa arecurso en líneabcr2rdacarrier/spa aDescripción basada en recurso en línea; Título de la página del título en PDF (e-libro, visto December 2, 2015). aRecurso electronico. Santa Fe, Arg. : e-libro, 2014. Disponible via World Wide Web. El acceso puede ser limitado para las bibliotecas afiliadas a e-libro. 0aFrench languagexStudy and teaching. 0aSecond language acquisition. 4aFrancés. 4aEnseñanza. 4aLibros electrónicos.2 ae-libro, Corp.40uhttps://elibro.net/ereader/politecnicointernacional/39818 c68551d68551